| 000 | 00587nam a2200193 a 4500 | ||
|---|---|---|---|
| 005 | 20220902233034.0 | ||
| 008 | 010524s1994 es r 000 0 eng d | ||
| 020 | _a8421624008 | ||
| 035 | _aUPN01000134783 | ||
| 049 | _aCG | ||
| 050 | 4 |
_aPQ8097 N4 _bV4.5a |
|
| 100 | 1 |
_aNeruda, Pablo, _d1904-1973 |
|
| 245 | 1 | 0 |
_aVeinte poemas de amor y una canción desesperada / _cPablo Neruda ; introd., notas y actividades de Matías Barchino. |
| 260 |
_a[Madrid] : _bBruño, _c1994. |
||
| 300 |
_a138 p. : _bil. |
||
| 440 | 3 |
_aAnaquel ; _v34 |
|
| 650 | 0 |
_aPoesía chilena _91228 |
|
| 902 | _aLibro | ||
| 999 |
_c106934 _d106934 |
||